书目信息 |
| 题名: |
离散数学及其应用
|
|
| 作者: | 金一庆 著 | |
| 分册: | ||
| 出版信息: | 北京 机械工业出版社 2016 |
|
| 页数: | 289页 | |
| 开本: | 26cm | |
| 丛书名: | ||
| 单 册: | ||
| 中图分类: | O158 | |
| 科图分类: | ||
| 主题词: | 离散数学--高等学校--教材 | |
| 电子资源: | ||
| ISBN: | 978-7-111-52025-2 | |
| 000 | 01037nam0 2200265 450 | |
| 001 | 0400002881 | |
| 005 | 20171021152834.0 | |
| 010 | @a978-7-111-52025-2@dCNY39.00 | |
| 100 | @a20160214d2016 em y0chiy50 ea | |
| 101 | 0 | @achi |
| 102 | @aCN@b110000 | |
| 105 | @ay z 000yy | |
| 106 | @ar | |
| 200 | 1 | @a离散数学及其应用@9li san shu xue ji qi ying yong@d= Discrete mathematics and its applications@f金一庆 ... [等]著@zeng |
| 210 | @a北京@c机械工业出版社@d2016 | |
| 215 | @a289页@d26cm | |
| 300 | @a高等学校计算机专业规划教材 | |
| 304 | @a编著者还有:张三元、吴江琴、方敏 | |
| 330 | @a本书建立在数学理论的基础上,主要介绍数理逻辑、集合论、组合论、图论和群论等内容,注重知识点之间的关联性,既有一定深度又深入浅出,通过大量实例和练习培养学生严谨的思维方法,通过算法编程提高学生解决实际应用问题的能力。 | |
| 510 | 1 | @aDiscrete mathematics and its applications@zeng |
| 606 | 0 | @a离散数学@x高等学校@j教材 |
| 690 | @aO158@v5 | |
| 701 | 0 | @a金一庆@9jin yi qing@4著 |
| 801 | 0 | @aCN@b91MARC@c20171021 |
| 905 | @b1032865-9@dO158@f5@e107 | |
| 离散数学及其应用= Discrete mathematics and its applications/金一庆 ... [等]著.-北京:机械工业出版社,2016 |
| 289页;26cm |
| 高等学校计算机专业规划教材 |
| ISBN 978-7-111-52025-2:CNY39.00 |
| 本书建立在数学理论的基础上,主要介绍数理逻辑、集合论、组合论、图论和群论等内容,注重知识点之间的关联性,既有一定深度又深入浅出,通过大量实例和练习培养学生严谨的思维方法,通过算法编程提高学生解决实际应用问题的能力。 |
| ● |
| 相关链接 |
|
|
|
|
正题名:离散数学及其应用
索取号:O158/107
 
预约/预借
| 序号 | 登录号 | 条形码 | 馆藏地/架位号 | 状态 | 备注 |
| 1 | 1032865 | 210328652 | 第二样本阅览室/ [索取号:O158/107] | 在馆 | |
| 2 | 1032866 | 210328661 | 密集书库-数信学院/ [索取号:O158/107] | 在馆 | |
| 3 | 1032867 | 210328670 | 第三借阅区/ [索取号:O158/107] | 在馆 | |
| 4 | 1032868 | 210328689 | 第三借阅区/ [索取号:O158/107] | 在馆 | |
| 5 | 1032869 | 210328698 | 第三借阅区/ [索取号:O158/107] | 在馆 |